| 000 | 00329nam a22001217a 4500 | ||
|---|---|---|---|
| 008 | 160521b xxu||||| |||| 00| 0 eng d | ||
| 020 | _a9780805365856 | ||
| 020 | _a0805365850 | ||
| 041 | _aeng | ||
| 080 | _a579 | ||
| 245 |
_aBiology concepts connections: _cNeil A. Campbell; Lawrence G. Mitchell; Jane B. Reece; |
||
| 942 |
_2udc _cBK |
||
| 999 |
_c2334 _d2334 |
||